[Event "3MCR_4D_1L_1S"]
[Site "?"]
[Date "1999.??.??"]
[Round "1"]
[White "Talla, Vladimir"]
[Black "Dufek, Jiri"]
[Result "0-1"]
[WhiteElo "2310"]
[BlackElo "2360"]
[PlyCount "20"]
[EventDate "1999.??.??"]
[EventType "corr"]

1. e4 c5 2. Nf3 d6 3. d4 cxd4 4. Nxd4 Nf6 5. Nc3 Nc6 6. Bg5 e6 7. Qd2 a6 8.
O-O-O h6 9. Be3 Nxd4 10. Bf4 e5 0-1

[Event "3MCR_4D_1L_1S"]
[Site "?"]
[Date "1999.??.??"]
[Round "1"]
[White "Nemec, Jaroslav"]
[Black "Sekanina, Jiri"]
[Result "1/2-1/2"]
[WhiteElo "2310"]
[BlackElo "2355"]
[PlyCount "45"]
[EventDate "1999.??.??"]
[EventType "corr"]

1. e4 c5 2. Nf3 Nc6 3. d4 cxd4 4. Nxd4 Nf6 5. Nc3 e5 6. Ndb5 d6 7. Bg5 a6 8.
Na3 b5 9. Bxf6 gxf6 10. Nd5 Bg7 11. Bd3 Ne7 12. Nxe7 Qxe7 13. c4 f5 14. O-O O-O
15. Qh5 Rb8 16. exf5 e4 17. Rae1 Bb7 18. Re3 bxc4 19. Bxc4 d5 20. Bxd5 Bxd5 21.
f6 Qxf6 22. Qxd5 Qxb2 23. Nc4 1/2-1/2

[Event "3MCR_4D_1L_1S"]
[Site "?"]
[Date "1999.??.??"]
[Round "1"]
[White "Chytilek, Roman"]
[Black "Talla, Vladimir"]
[Result "1-0"]
[WhiteElo "2275"]
[BlackElo "2310"]
[PlyCount "29"]
[EventDate "1999.??.??"]
[EventType "corr"]

1. d4 d5 2. c4 dxc4 3. e4 e5 4. Nf3 exd4 5. Bxc4 Bb4+ 6. Nbd2 Nc6 7. O-O Be6 8.
Bxe6 fxe6 9. Qb3 Bxd2 10. Bxd2 Qd7 11. Ng5 Nd8 12. f4 Ne7 13. f5 exf5 14. exf5
Qd5 15. Qh3 1-0

[Event "3MCR_4D_1L_1S"]
[Site "?"]
[Date "1999.??.??"]
[Round "1"]
[White "Lexa, Vaclav"]
[Black "Orsag, Milan"]
[Result "1-0"]
[WhiteElo "2365"]
[BlackElo "2380"]
[PlyCount "33"]
[EventDate "1999.??.??"]
[EventType "corr"]

1. d4 Nf6 2. c4 e6 3. Nc3 Bb4 4. e3 c5 5. Bd3 Nc6 6. a3 Bxc3+ 7. bxc3 O-O 8.
Ne2 b6 9. e4 Ne8 10. Ng3 Ba6 11. Be3 Na5 12. Qe2 Nd6 13. e5 Ndxc4 14. Qh5 h6
15. Bxh6 gxh6 16. h4 f5 17. Qg6+ 1-0

[Event "3MCR_4D_1L_1S"]
[Site "?"]
[Date "1999.??.??"]
[Round "1"]
[White "Orsag, Milan"]
[Black "Sekanina, Jiri"]
[Result "1/2-1/2"]
[WhiteElo "2380"]
[BlackElo "2355"]
[PlyCount "27"]
[EventDate "1999.??.??"]
[EventType "corr"]

1. d4 f5 2. g3 Nf6 3. Bg2 g6 4. Nh3 Bg7 5. Nf4 Nc6 6. c3 e5 7. dxe5 Nxe5 8. Qb3
c6 9. Be3 Qe7 10. Nd2 d6 11. h4 Nf7 12. O-O O-O 13. Nf3 Ne4 14. Bd4 1/2-1/2

[Event "3MCR_4D_1L_1S"]
[Site "?"]
[Date "1999.??.??"]
[Round "1"]
[White "Vagenknecht, Ludek"]
[Black "Talla, Vladimir"]
[Result "1/2-1/2"]
[WhiteElo "2235"]
[BlackElo "2310"]
[PlyCount "38"]
[EventDate "1999.??.??"]
[EventType "corr"]

1. e4 e5 2. Nf3 Nf6 3. d4 Nxe4 4. Bd3 d5 5. Nxe5 Nd7 6. Nxd7 Bxd7 7. O-O Qh4 8.
c4 O-O-O 9. c5 Nf6 10. Nc3 g5 11. Qf3 Bg7 12. Bf5 Kb8 13. Bxd7 Rxd7 14. Be3 Ng4
15. h3 Nxe3 16. fxe3 c6 17. Rad1 Re8 18. Rd3 Ree7 19. Rfd1 h5 1/2-1/2

[Event "3MCR_4D_1L_1S"]
[Site "?"]
[Date "1999.??.??"]
[Round "1"]
[White "Orsag, Milan"]
[Black "Leiner, Rainmund"]
[Result "1/2-1/2"]
[WhiteElo "2380"]
[BlackElo "2225"]
[PlyCount "37"]
[EventDate "1999.??.??"]
[EventType "corr"]

1. d4 d5 2. Nf3 e6 3. c4 Nf6 4. Nc3 Be7 5. Bg5 O-O 6. e3 h6 7. Bxf6 Bxf6 8. Rc1
c6 9. Bd3 Nd7 10. O-O dxc4 11. Bxc4 e5 12. h3 exd4 13. exd4 Nb6 14. Bb3 Bf5 15.
Re1 Re8 16. g4 Bg6 17. Ne5 Bxe5 18. dxe5 Qg5 19. Qe2 1/2-1/2

[Event "3MCR_4D_1L_1S"]
[Site "?"]
[Date "1999.??.??"]
[Round "1"]
[White "Orsag, Milan"]
[Black "Dolezel, Jiri"]
[Result "0-1"]
[WhiteElo "2380"]
[BlackElo "2415"]
[PlyCount "30"]
[EventDate "1999.??.??"]
[EventType "corr"]

1. d4 Nf6 2. c4 g6 3. Nc3 Bg7 4. e4 d6 5. f4 O-O 6. Nf3 Na6 7. e5 Nd7 8. h4 c5
9. d5 dxe5 10. h5 Qa5 11. Bd2 exf4 12. Bd3 Nf6 13. hxg6 fxg6 14. Ng5 Nb4 15.
Bb1 Bg4 0-1

[Event "3MCR_4D_1L_1S"]
[Site "?"]
[Date "1999.??.??"]
[Round "1"]
[White "Nemec, Jaroslav"]
[Black "Talla, Vladimir"]
[Result "1/2-1/2"]
[WhiteElo "2310"]
[BlackElo "2310"]
[PlyCount "47"]
[EventDate "1999.??.??"]
[EventType "corr"]

1. e4 e5 2. Nf3 Nf6 3. Nxe5 d6 4. Nf3 Nxe4 5. d4 d5 6. Bd3 Nc6 7. O-O Be7 8. c4
Nb4 9. Be2 Be6 10. Nc3 O-O 11. Be3 Bf5 12. Ne5 f6 13. Nd3 Nxc3 14. bxc3 Nxd3
15. Bxd3 Bxd3 16. Qxd3 c6 17. Rab1 b6 18. cxd5 cxd5 19. Qf5 Qd6 20. Bf4 Qc6 21.
Rfe1 Ba3 22. Re3 Rae8 23. Rbe1 g6 24. Qb1 1/2-1/2

[Event "3MCR_4D_1L_1S"]
[Site "?"]
[Date "1999.??.??"]
[Round "1"]
[White "Hlavac, Rudolf"]
[Black "Vagenknecht, Ludek"]
[Result "1/2-1/2"]
[WhiteElo "2300"]
[BlackElo "2235"]
[PlyCount "54"]
[EventDate "1999.??.??"]
[EventType "corr"]

1. e4 c6 2. d4 d5 3. Nc3 dxe4 4. Nxe4 Nd7 5. Bc4 Ngf6 6. Ng5 e6 7. Qe2 Nb6 8.
Bb3 h6 9. N5f3 a5 10. a3 a4 11. Ba2 c5 12. Bf4 Nbd5 13. Be5 Qa5+ 14. Nd2 b5 15.
Ngf3 b4 16. Bc4 Ba6 17. O-O bxa3 18. Rxa3 cxd4 19. Raa1 Be7 20. Nxd4 O-O 21.
Nc6 Bxc4 22. Nxc4 Qb5 23. Nxe7+ Nxe7 24. Rfe1 Ned5 25. Ne3 Qxe2 26. Rxe2 Nxe3
27. Rxe3 Ng4 1/2-1/2

[Event "3MCR_4D_1L_1S"]
[Site "?"]
[Date "1999.??.??"]
[Round "1"]
[White "Hlavac, Rudolf"]
[Black "Nemec, Jaroslav"]
[Result "1/2-1/2"]
[WhiteElo "2300"]
[BlackElo "2310"]
[PlyCount "50"]
[EventDate "1999.??.??"]
[EventType "corr"]

1. e4 e5 2. Nf3 Nc6 3. Bb5 a6 4. Ba4 Nf6 5. d4 Nxd4 6. Nxd4 exd4 7. e5 Ne4 8.
Qxd4 Nc5 9. Nc3 Be7 10. O-O O-O 11. Bg5 Bxg5 12. Qxc5 Be7 13. Qe3 d5 14. exd6
Bxd6 15. Rad1 b5 16. Bb3 Bb7 17. Bd5 Bxd5 18. Nxd5 c6 19. Nc3 Qc7 20. g3 Rfe8
21. Qf3 Be5 22. Rd3 Rad8 23. Rfd1 Rxd3 24. Rxd3 Bf6 25. b3 Bxc3 1/2-1/2

[Event "3MCR_4D_1L_1S"]
[Site "?"]
[Date "1999.??.??"]
[Round "1"]
[White "Talla, Vladimir"]
[Black "Dolezel, Jiri"]
[Result "1/2-1/2"]
[WhiteElo "2310"]
[BlackElo "2415"]
[PlyCount "41"]
[EventDate "1999.??.??"]
[EventType "corr"]

1. e4 e5 2. Nf3 Nc6 3. Bb5 a6 4. Ba4 Nf6 5. O-O Be7 6. Re1 b5 7. Bb3 d6 8. c3
O-O 9. d4 Bg4 10. d5 Na5 11. Bc2 c6 12. h3 Bc8 13. dxc6 Qc7 14. Nbd2 Qxc6 15.
a4 Bb7 16. Bd3 Nc4 17. Qb3 Nxd2 18. Bxd2 bxa4 19. Rxa4 Qc7 20. Qc2 a5 21. b3
1/2-1/2

[Event "3MCR_4D_1L_1S"]
[Site "?"]
[Date "1999.??.??"]
[Round "1"]
[White "Dufek, Jiri"]
[Black "Orsag, Milan"]
[Result "1-0"]
[WhiteElo "2360"]
[BlackElo "2380"]
[PlyCount "35"]
[EventDate "1999.??.??"]
[EventType "corr"]

1. e4 c5 2. Nf3 e6 3. d4 cxd4 4. Nxd4 Nf6 5. Nc3 d6 6. g4 Nc6 7. g5 Nd7 8. Be3
Be7 9. h4 O-O 10. Qd2 a6 11. O-O-O Nxd4 12. Qxd4 b5 13. f4 Qa5 14. h5 b4 15. h6
e5 16. Nd5 Bxg5 17. fxe5 dxe5 18. Qd3 1-0

[Event "3MCR_4D_1L_1S"]
[Site "?"]
[Date "1999.??.??"]
[Round "1"]
[White "Hostinsky, Jiri"]
[Black "Talla, Vladimir"]
[Result "1-0"]
[WhiteElo "2450"]
[BlackElo "2310"]
[PlyCount "47"]
[EventDate "1999.??.??"]
[EventType "corr"]

1. e4 e5 2. Nf3 Nf6 3. d4 Nxe4 4. Bd3 d5 5. Nxe5 Nd7 6. Nxd7 Bxd7 7. O-O Qh4 8.
c4 O-O-O 9. c5 Nf6 10. Nc3 g5 11. g3 Qh3 12. Qf3 Ng4 13. Qg2 Qxg2+ 14. Kxg2 h6
15. f4 Bg7 16. h3 Nf6 17. fxg5 hxg5 18. g4 Rdg8 19. Bf5 Be6 20. Bxg5 Nxg4 21.
hxg4 Bxd4 22. Bd2 Kd8 23. Rae1 Bxc5 24. Rxe6 1-0

[Event "3MCR_4D_1L_1S"]
[Site "?"]
[Date "1999.??.??"]
[Round "1"]
[White "Talla, Vladimir"]
[Black "Leiner, Rainmund"]
[Result "1/2-1/2"]
[WhiteElo "2310"]
[BlackElo "2225"]
[PlyCount "43"]
[EventDate "1999.??.??"]
[EventType "corr"]

1. e4 c5 2. Nf3 Nc6 3. d4 cxd4 4. Nxd4 Nf6 5. Nc3 e5 6. Ndb5 d6 7. Bg5 a6 8.
Na3 b5 9. Bxf6 gxf6 10. Nd5 Bg7 11. c3 f5 12. exf5 Bxf5 13. Nc2 Be6 14. g3 O-O
15. Bg2 Rb8 16. O-O a5 17. Qh5 f5 18. Rad1 Ne7 19. Nce3 Nxd5 20. Bxd5 Qd7 21.
Qg5 Kh8 22. f4 1/2-1/2

[Event "3MCR_4D_1L_1S"]
[Site "?"]
[Date "1999.??.??"]
[Round "1"]
[White "Sekanina, Jiri"]
[Black "Leiner, Rainmund"]
[Result "1-0"]
[WhiteElo "2355"]
[BlackElo "2225"]
[PlyCount "45"]
[EventDate "1999.??.??"]
[EventType "corr"]

1. c4 Nf6 2. Nc3 e6 3. e4 e5 4. Nf3 Bb4 5. Nd5 Nxd5 6. cxd5 O-O 7. Be2 c5 8.
Nxe5 Qe7 9. Nc4 Qxe4 10. a3 b5 11. Ne3 Ba5 12. Bxb5 Bb7 13. O-O Bxd5 14. d4
cxd4 15. Bd3 Qe5 16. f4 Qe6 17. f5 Qe5 18. Nxd5 Qxd5 19. f6 Nc6 20. Rf5 Qe6 21.
Qh5 Bd8 22. fxg7 Kxg7 23. Bg5 1-0

[Event "3MCR_4D_1L_1S"]
[Site "?"]
[Date "1999.??.??"]
[Round "1"]
[White "Chytilek, Roman"]
[Black "Nemec, Jaroslav"]
[Result "1-0"]
[WhiteElo "2275"]
[BlackElo "2310"]
[PlyCount "53"]
[EventDate "1999.??.??"]
[EventType "corr"]

1. e4 e5 2. Nf3 Nc6 3. Bc4 Bc5 4. b4 Bxb4 5. c3 Ba5 6. d4 d6 7. Qb3 Qd7 8. dxe5
Bb6 9. Nbd2 dxe5 10. Ba3 Na5 11. Qb4 c5 12. Qb2 Nxc4 13. Nxc4 f6 14. Rd1 Qc6
15. Nd6+ Ke7 16. Nxc8+ Rxc8 17. O-O Qxe4 18. Rfe1 Qa4 19. Qe2 Kf7 20. Nxe5+
fxe5 21. Qh5+ g6 22. Qxe5 Re8 23. Qd5+ Kf8 24. Rxe8+ Qxe8 25. Qd4 Qe2 26. Ra1
Qa6 27. Re1 1-0

[Event "3MCR_4D_1L_1S"]
[Site "?"]
[Date "1999.??.??"]
[Round "1"]
[White "Talla, Vladimir"]
[Black "Sekanina, Jiri"]
[Result "1/2-1/2"]
[WhiteElo "2310"]
[BlackElo "2355"]
[PlyCount "47"]
[EventDate "1999.??.??"]
[EventType "corr"]

1. e4 c5 2. Nf3 Nc6 3. d4 cxd4 4. Nxd4 Nf6 5. Nc3 e5 6. Ndb5 d6 7. Bg5 a6 8.
Na3 b5 9. Bxf6 gxf6 10. Nd5 Bg7 11. c3 f5 12. exf5 Bxf5 13. Nc2 Be6 14. g3 O-O
15. Bg2 a5 16. O-O Rb8 17. Qh5 f5 18. Rad1 Kh8 19. Nce3 Ne7 20. Nxe7 Qxe7 21.
g4 e4 22. Nxf5 Bxf5 23. gxf5 Be5 24. f4 1/2-1/2

[Event "3MCR_4D_1L_1S"]
[Site "?"]
[Date "1999.??.??"]
[Round "1"]
[White "Talla, Vladimir"]
[Black "Jandovsky, Viktor"]
[Result "1/2-1/2"]
[WhiteElo "2310"]
[BlackElo "2285"]
[PlyCount "39"]
[EventDate "1999.??.??"]
[EventType "corr"]

1. e4 c5 2. Nf3 Nc6 3. d4 cxd4 4. Nxd4 Nf6 5. Nc3 d6 6. Bg5 e6 7. Qd2 a6 8.
O-O-O Bd7 9. f3 h6 10. Be3 b5 11. g4 Nxd4 12. Qxd4 Qa5 13. a3 Bc6 14. Bg2 Nd7
15. h4 Rb8 16. Na2 Qc7 17. g5 hxg5 18. hxg5 Rxh1 19. Rxh1 a5 20. Rh8 1/2-1/2

[Event "3MCR_4D_1L_1S"]
[Site "?"]
[Date "1999.??.??"]
[Round "1"]
[White "Dolezel, Jiri"]
[Black "Leiner, Rainmund"]
[Result "1/2-1/2"]
[WhiteElo "2415"]
[BlackElo "2225"]
[PlyCount "54"]
[EventDate "1999.??.??"]
[EventType "corr"]

1. e4 c5 2. Nf3 Nc6 3. d4 cxd4 4. Nxd4 Nf6 5. Nc3 e5 6. Ndb5 d6 7. Bg5 a6 8.
Na3 b5 9. Bxf6 gxf6 10. Nd5 Bg7 11. c3 f5 12. exf5 Bxf5 13. Nc2 Ne7 14. Nce3
Be6 15. g3 Nxd5 16. Nxd5 O-O 17. Bg2 a5 18. O-O Rb8 19. Qh5 f5 20. Rad1 Kh8 21.
Rd2 Bf7 22. Qd1 Qd7 23. a3 Rbd8 24. Kh1 f4 25. gxf4 Bh6 26. Re1 Be6 27. Qh5
Bxd5 1/2-1/2

[Event "3MCR_4D_1L_1S"]
[Site "?"]
[Date "1999.??.??"]
[Round "1"]
[White "Dolezel, Jiri"]
[Black "Valtera, Jiri"]
[Result "1/2-1/2"]
[WhiteElo "2415"]
[BlackElo "2340"]
[PlyCount "48"]
[EventDate "1999.??.??"]
[EventType "corr"]

1. e4 c5 2. Nf3 d6 3. d4 cxd4 4. Nxd4 Nf6 5. Nc3 a6 6. Bg5 e6 7. f4 Qc7 8. Qf3
b5 9. f5 b4 10. Ncb5 axb5 11. Bxb5+ Bd7 12. fxe6 Bxb5 13. Nxb5 Qc5 14. Bxf6
fxe6 15. Nd4 gxf6 16. Nxe6 Qc4 17. Qxf6 Nd7 18. Nc7+ Qxc7 19. Qxh8 Qc5 20. Qxh7
Qe3+ 21. Kf1 Qf4+ 22. Ke1 Qe3+ 23. Kf1 Qf4+ 24. Ke1 Qe3+ 1/2-1/2

[Event "3MCR_4D_1L_1S"]
[Site "?"]
[Date "1999.??.??"]
[Round "1"]
[White "Dufek, Jiri"]
[Black "Valtera, Jiri"]
[Result "1-0"]
[WhiteElo "2360"]
[BlackElo "2340"]
[PlyCount "51"]
[EventDate "1999.??.??"]
[EventType "corr"]

1. e4 c5 2. Nf3 d6 3. d4 cxd4 4. Nxd4 Nf6 5. Nc3 a6 6. Be2 e5 7. Nb3 Be7 8. O-O
O-O 9. Kh1 Qc7 10. a4 Be6 11. f4 Nbd7 12. a5 Bc4 13. Bxc4 Qxc4 14. Ra4 Qc6 15.
Be3 Rac8 16. Qf3 Rfd8 17. g4 Rb8 18. g5 Ne8 19. Bb6 Rdc8 20. Nd2 d5 21. exd5
Qg6 22. f5 Qxg5 23. Be3 Qf6 24. Nde4 Qh4 25. f6 Ndxf6 26. Bg5 1-0

[Event "3MCR_4D_1L_1S"]
[Site "?"]
[Date "1999.??.??"]
[Round "1"]
[White "Orsag, Milan"]
[Black "Valtera, Jiri"]
[Result "1-0"]
[WhiteElo "2380"]
[BlackElo "2340"]
[PlyCount "45"]
[EventDate "1999.??.??"]
[EventType "corr"]

1. d4 d5 2. Nf3 e6 3. c4 c6 4. Qc2 f5 5. Bf4 Nf6 6. e3 Be7 7. Nc3 O-O 8. Bd3
Ne4 9. g4 Na6 10. a3 Qa5 11. Ke2 g5 12. Be5 Nxc3+ 13. bxc3 dxc4 14. Bxc4 b5 15.
Bd3 h6 16. h4 Qa4 17. Qxa4 bxa4 18. hxg5 fxg4 19. Nh2 hxg5 20. Nxg4 Kf7 21.
Rab1 Ke8 22. Rh7 Kd8 23. Be4 1-0

[Event "3MCR_4D_1L_1S"]
[Site "?"]
[Date "1999.??.??"]
[Round "1"]
[White "Lexa, Vaclav"]
[Black "Dufek, Jiri"]
[Result "1/2-1/2"]
[WhiteElo "2365"]
[BlackElo "2360"]
[PlyCount "64"]
[EventDate "1999.??.??"]
[EventType "corr"]

1. d4 d5 2. c4 c6 3. Nf3 Nf6 4. Nc3 e6 5. Bg5 h6 6. Bh4 dxc4 7. e4 b5 8. e5 g5
9. Nxg5 hxg5 10. Bxg5 Nbd7 11. g3 Rg8 12. h4 Rxg5 13. hxg5 Nd5 14. g6 fxg6 15.
Qg4 Qe7 16. Qxg6+ Qf7 17. Qxf7+ Kxf7 18. Bg2 Nxc3 19. bxc3 Rb8 20. f4 b4 21.
Kd2 c5 22. d5 Nb6 23. d6 Na4 24. Bc6 Nxc3 25. a3 a6 26. Rhc1 Bxd6 27. exd6 Rb6
28. axb4 cxb4 29. d7 Bxd7 30. Bxd7 Rd6+ 31. Ke1 Rxd7 32. Rxa6 Rd3 1/2-1/2

[Event "3MCR_4D_1L_1S"]
[Site "?"]
[Date "1999.??.??"]
[Round "1"]
[White "Chytilek, Roman"]
[Black "Lexa, Vaclav"]
[Result "1-0"]
[WhiteElo "2275"]
[BlackElo "2365"]
[PlyCount "49"]
[EventDate "1999.??.??"]
[EventType "corr"]

1. e4 c5 2. Nf3 d6 3. d4 cxd4 4. Nxd4 Nf6 5. Nc3 a6 6. Bg5 e6 7. f4 b6 8. e5
dxe5 9. fxe5 Qc7 10. Qe2 Nfd7 11. O-O-O Bb7 12. Qg4 Qxe5 13. Bc4 h6 14. Bf4 h5
15. Qg3 h4 16. Qf2 Qf6 17. Bxe6 fxe6 18. Nxe6 g5 19. Nxg5 Be7 20. Rhe1 O-O 21.
Ne6 Nc5 22. Nxf8 Bxf8 23. g4 Qf7 24. Re5 Nc6 25. Rf5 1-0

[Event "3MCR_4D_1L_1S"]
[Site "?"]
[Date "1999.??.??"]
[Round "1"]
[White "Nemec, Jaroslav"]
[Black "Lexa, Vaclav"]
[Result "0-1"]
[WhiteElo "2310"]
[BlackElo "2365"]
[PlyCount "56"]
[EventDate "1999.??.??"]
[EventType "corr"]

1. e4 c5 2. Nf3 d6 3. d4 cxd4 4. Nxd4 Nf6 5. Nc3 a6 6. Bg5 e6 7. f4 Qb6 8. Nb3
Be7 9. Qf3 Nbd7 10. O-O-O Qc7 11. Bd3 b5 12. Rhe1 b4 13. Ne2 Bb7 14. g4 a5 15.
Bxf6 Bxf6 16. g5 Be7 17. Nbd4 O-O 18. h4 a4 19. h5 Nc5 20. g6 b3 21. gxh7+ Kh8
22. axb3 axb3 23. Nc3 Bf6 24. Qe3 Rfc8 25. Kd2 Nxd3 26. Qxd3 bxc2 27. Kxc2 Ba6
28. Qe3 Rab8 0-1

[Event "3MCR_4D_1L_1S"]
[Site "?"]
[Date "1999.??.??"]
[Round "1"]
[White "Hostinsky, Jiri"]
[Black "Leiner, Rainmund"]
[Result "1/2-1/2"]
[WhiteElo "2450"]
[BlackElo "2225"]
[PlyCount "56"]
[EventDate "1999.??.??"]
[EventType "corr"]

1. e4 e5 2. Nf3 Nc6 3. d4 exd4 4. Nxd4 Bc5 5. Nb3 Bb6 6. Nc3 Nge7 7. a4 a6 8.
Be2 d6 9. Bg5 f6 10. Bh4 O-O 11. Nd5 Nxd5 12. exd5 Ne5 13. O-O Ng6 14. a5 Ba7
15. Ra4 Bd7 16. Rb4 Bc5 17. Nxc5 dxc5 18. Re4 Qc8 19. g3 Bf5 20. Rc4 b6 21. g4
Nxh4 22. gxf5 Nxf5 23. Bg4 g6 24. Rf4 Re8 25. d6 Rd8 26. Qd5+ Kh8 27. axb6 Rxd6
28. Qxc5 Rxb6 1/2-1/2

[Event "3MCR_4D_1L_1S"]
[Site "?"]
[Date "1999.??.??"]
[Round "1"]
[White "Nemec, Jaroslav"]
[Black "Hostinsky, Jiri"]
[Result "1-0"]
[WhiteElo "2310"]
[BlackElo "2450"]
[PlyCount "67"]
[EventDate "1999.??.??"]
[EventType "corr"]

1. e4 c5 2. Nf3 Nc6 3. d4 cxd4 4. Nxd4 Nf6 5. Nc3 d6 6. Bg5 Bd7 7. Qd2 Rc8 8.
O-O-O Nxd4 9. Qxd4 Qa5 10. f4 e6 11. e5 dxe5 12. fxe5 Bc6 13. Bb5 Nd5 14. Nxd5
Bxb5 15. Qxa7 Bb4 16. Qxb7 O-O 17. Nxb4 Qxb4 18. Rd2 Qa5 19. a3 Bc6 20. Qb4
Qxe5 21. Bf4 Qf5 22. Re1 Bd5 23. Bd6 Rfd8 24. g4 Qg6 25. Be5 f6 26. Bc3 Qg5 27.
Qb6 e5 28. h3 Qf4 29. Qe3 Kf7 30. Qxf4 exf4 31. Rf1 Rc4 32. Bb4 f3 33. b3 Rcc8
34. Ba5 1-0

[Event "3MCR_4D_1L_1S"]
[Site "?"]
[Date "1999.??.??"]
[Round "1"]
[White "Leiner, Rainmund"]
[Black "Hlavac, Rudolf"]
[Result "1/2-1/2"]
[WhiteElo "2225"]
[BlackElo "2300"]
[PlyCount "57"]
[EventDate "1999.??.??"]
[EventType "corr"]

1. e4 c5 2. Nf3 Nc6 3. d4 cxd4 4. Nxd4 Nf6 5. Nc3 e5 6. Ndb5 d6 7. Bg5 a6 8.
Na3 b5 9. Bxf6 gxf6 10. Nd5 f5 11. c3 Bg7 12. exf5 Bxf5 13. Nc2 Ne7 14. Nce3
Be6 15. g3 Nxd5 16. Nxd5 O-O 17. Bg2 a5 18. O-O Rb8 19. Qh5 Kh8 20. Rad1 f5 21.
Rd2 Bf7 22. Qh3 Bg6 23. Rfd1 f4 24. gxf4 exf4 25. Kh1 Be5 26. Bf3 b4 27. cxb4
axb4 28. Rg1 Bf5 29. Qh6 1/2-1/2

[Event "3MCR_4D_1L_1S"]
[Site "?"]
[Date "1999.??.??"]
[Round "1"]
[White "Hlavac, Rudolf"]
[Black "Hostinsky, Jiri"]
[Result "1/2-1/2"]
[WhiteElo "2300"]
[BlackElo "2450"]
[PlyCount "55"]
[EventDate "1999.??.??"]
[EventType "corr"]

1. e4 c5 2. Nf3 Nc6 3. d4 cxd4 4. Nxd4 Nf6 5. Nc3 d6 6. Bc4 e6 7. Be3 Be7 8.
O-O O-O 9. Kh1 a6 10. a4 Qc7 11. Qe2 b6 12. f4 Bb7 13. Bb3 Na5 14. Bxe6 fxe6
15. Nxe6 Qc6 16. Nxf8 Bxf8 17. Rae1 Nxe4 18. Nxe4 Qxe4 19. Bxb6 Qxa4 20. f5 Qb4
21. Qf2 Nc4 22. Bd4 Ne5 23. f6 Kh8 24. Rxe5 dxe5 25. Bxe5 Be4 26. fxg7+ Bxg7
27. Bxg7+ Kxg7 28. Qf6+ 1/2-1/2

[Event "3MCR_4D_1L_1S"]
[Site "?"]
[Date "1999.??.??"]
[Round "1"]
[White "Hostinsky, Jiri"]
[Black "Sekanina, Jiri"]
[Result "1/2-1/2"]
[WhiteElo "2450"]
[BlackElo "2355"]
[PlyCount "69"]
[EventDate "1999.??.??"]
[EventType "corr"]

1. e4 c5 2. Nf3 Nc6 3. d4 cxd4 4. Nxd4 Nf6 5. Nc3 e5 6. Ndb5 d6 7. Bg5 a6 8.
Na3 b5 9. Bxf6 gxf6 10. Nd5 Bg7 11. c3 f5 12. exf5 Bxf5 13. Nc2 Be6 14. g3 O-O
15. Bg2 a5 16. O-O Rb8 17. Nce3 f5 18. Qh5 Kh8 19. f4 e4 20. g4 Bxd5 21. Nxd5
Ne7 22. Rad1 b4 23. cxb4 Rb5 24. Nxe7 Qxe7 25. gxf5 Rbxf5 26. Qe2 d5 27. bxa5
Qc5+ 28. Kh1 Qxa5 29. Bh3 Rxf4 30. Rxf4 Rxf4 31. Qh5 h6 32. b3 Qc3 33. Bg2 Rf2
34. Qxd5 Rxg2 35. Kxg2 1/2-1/2

[Event "3MCR_4D_1L_1S"]
[Site "?"]
[Date "1999.??.??"]
[Round "1"]
[White "Smalcl, Frantisek"]
[Black "Hostinsky, Jiri"]
[Result "1-0"]
[WhiteElo "2490"]
[BlackElo "2450"]
[PlyCount "67"]
[EventDate "1999.??.??"]
[EventType "corr"]

1. d4 Nf6 2. c4 g6 3. Nc3 Bg7 4. e4 d6 5. Nf3 O-O 6. Be2 e5 7. O-O Nc6 8. d5
Ne7 9. Nd2 a5 10. a3 Nd7 11. Rb1 f5 12. b4 Nf6 13. c5 axb4 14. axb4 Bh6 15. f3
Be3+ 16. Kh1 dxc5 17. Qb3 Kg7 18. Nc4 Bd4 19. bxc5 Nd7 20. Nb5 Nxc5 21. Qd1
fxe4 22. Nxd4 Qxd5 23. Bg5 exd4 24. Bxe7 Rf7 25. Bxc5 Qxc5 26. fxe4 Rxf1+ 27.
Qxf1 Be6 28. Nd2 b6 29. Nf3 Rd8 30. Rc1 Qe7 31. Rc6 Bf7 32. Bc4 Be8 33. Re6 Qc5
34. Nxd4 1-0

[Event "3MCR_4D_1L_1S"]
[Site "?"]
[Date "1999.??.??"]
[Round "1"]
[White "Sekanina, Jiri"]
[Black "Smalcl, Frantisek"]
[Result "1/2-1/2"]
[WhiteElo "2355"]
[BlackElo "2490"]
[PlyCount "59"]
[EventDate "1999.??.??"]
[EventType "corr"]

1. c4 e5 2. Nc3 Nf6 3. Nf3 Nc6 4. g3 d5 5. cxd5 Nxd5 6. Bg2 Nb6 7. O-O Be7 8.
a3 O-O 9. b4 Be6 10. d3 a5 11. b5 Nd4 12. Nd2 c6 13. bxc6 Nxc6 14. Nf3 a4 15.
Rb1 Bb3 16. Qd2 Ra5 17. Qb2 Nd5 18. Nxd5 Rxd5 19. Nd2 Rb5 20. Bxc6 bxc6 21.
Nxb3 Rxb3 22. Qc2 Qd5 23. Rxb3 axb3 24. Qc3 Bc5 25. e3 Rd8 26. Bb2 Bf8 27. d4
exd4 28. exd4 g6 29. Re1 Bg7 30. Re3 1/2-1/2

[Event "3MCR_4D_1L_1S"]
[Site "?"]
[Date "1999.??.??"]
[Round "1"]
[White "Hostinsky, Jiri"]
[Black "Dufek, Jiri"]
[Result "1/2-1/2"]
[WhiteElo "2450"]
[BlackElo "2360"]
[PlyCount "55"]
[EventDate "1999.??.??"]
[EventType "corr"]

1. e4 c5 2. Nf3 d6 3. d4 cxd4 4. Nxd4 Nf6 5. Nc3 a6 6. Bc4 e6 7. Be3 b5 8. Bb3
Be7 9. Qf3 Qc7 10. O-O-O Nbd7 11. Qg3 g6 12. f3 Nc5 13. Kb1 Bd7 14. Bg5 b4 15.
Qh4 bxc3 16. Bxf6 Bxf6 17. Qxf6 O-O 18. h4 cxb2 19. h5 Qd8 20. Qf4 Qe7 21. Ne2
Bb5 22. c4 Ba4 23. Bxa4 Nxa4 24. hxg6 fxg6 25. Qxd6 Ra7 26. Qxe7 Rxe7 27. Rd6
Rc8 28. Rhd1 1/2-1/2

[Event "3MCR_4D_1L_1S"]
[Site "?"]
[Date "1999.??.??"]
[Round "1"]
[White "Hostinsky, Jiri"]
[Black "Orsag, Milan"]
[Result "1/2-1/2"]
[WhiteElo "2450"]
[BlackElo "2380"]
[PlyCount "61"]
[EventDate "1999.??.??"]
[EventType "corr"]

1. e4 c5 2. Nf3 e6 3. d4 cxd4 4. Nxd4 Nf6 5. Nc3 d6 6. Bc4 a6 7. Bb3 Nbd7 8. f4
Nc5 9. e5 Nfd7 10. exd6 Nf6 11. Be3 Bxd6 12. Qf3 Qc7 13. O-O-O Bd7 14. Kb1
O-O-O 15. Rhe1 Kb8 16. h3 h5 17. f5 e5 18. Nde2 Nxb3 19. axb3 Bc5 20. Bxc5 Qxc5
21. Nc1 Qc7 22. Nd3 e4 23. Nxe4 Bc6 24. Ndc5 Nxe4 25. Nxe4 Rxd1+ 26. Qxd1 Rd8
27. Qc1 h4 28. f6 gxf6 29. Nxf6 Bxg2 30. Qg5 Qg3 31. Qa5 1/2-1/2

[Event "3MCR_4D_1L_1S"]
[Site "?"]
[Date "1999.??.??"]
[Round "1"]
[White "Chytilek, Roman"]
[Black "Hostinsky, Jiri"]
[Result "1-0"]
[WhiteElo "2275"]
[BlackElo "2450"]
[PlyCount "55"]
[EventDate "1999.??.??"]
[EventType "corr"]

1. Nf3 d6 2. c4 g6 3. Nc3 Bg7 4. d4 Nf6 5. e4 O-O 6. Be2 e5 7. O-O Nc6 8. d5
Ne7 9. b4 a5 10. Ba3 axb4 11. Bxb4 Nd7 12. a4 Bh6 13. a5 f5 14. Bd3 Nf6 15. c5
fxe4 16. cxd6 cxd6 17. Nxe4 Nxe4 18. Bxe4 Rf4 19. Qd3 Bf5 20. Nd2 Rh4 21. f3
Rc8 22. g3 Rh5 23. Nc4 Bh3 24. Nxd6 Bxf1 25. Rxf1 Rb8 26. Nc4 Nf5 27. d6 Qf6
28. f4 1-0

[Event "3MCR_4D_1L_1S"]
[Site "?"]
[Date "1999.??.??"]
[Round "1"]
[White "Leiner, Rainmund"]
[Black "Vagenknecht, Ludek"]
[Result "1/2-1/2"]
[WhiteElo "2225"]
[BlackElo "2235"]
[PlyCount "53"]
[EventDate "1999.??.??"]
[EventType "corr"]

1. e4 c6 2. d4 d5 3. Nc3 dxe4 4. Nxe4 Nd7 5. Bc4 Ngf6 6. Ng5 e6 7. Qe2 Nb6 8.
Bd3 h6 9. N5f3 c5 10. Be3 Nbd5 11. Ne5 a6 12. c3 Qc7 13. O-O-O b5 14. Ngf3 Bd6
15. Kb1 Bb7 16. Rhe1 Nxe3 17. fxe3 c4 18. Bc2 Be4 19. g4 Qb7 20. Rf1 Bxc2+ 21.
Qxc2 Rf8 22. g5 Nd5 23. Rde1 Bxe5 24. dxe5 O-O-O 25. gxh6 gxh6 26. Nd4 Rh8 27.
Qe2 1/2-1/2